ARRUPE JESUIT UNIVERSITY

CORONAVIRUS -STOP THE SPREAD - CLEAN,DISINFECT,COVER

Possessions and the life of faith : (Record no. 117933)

MARC details
000 -LEADER
fixed length control field 01117cam a2200301 a 4500
001 - CONTROL NUMBER
control field 3905826
003 - CONTROL NUMBER IDENTIFIER
control field ARRUPE
005 - DATE AND TIME OF LATEST TRANSACTION
control field 20130919172232.0
008 - FIXED-LENGTH DATA ELEMENTS--GENERAL INFORMATION
fixed length control field 910524s1991 mnu b 000 0 eng
010 ## - LIBRARY OF CONGRESS CONTROL NUMBER
LC control number 91022660
020 ## - INTERNATIONAL STANDARD BOOK NUMBER
International Standard Book Number 0814656757
040 ## - CATALOGING SOURCE
Original cataloging agency DLC
Transcribing agency DLC
Modifying agency DLC
050 00 - LIBRARY OF CONGRESS CALL NUMBER
Classification number BS2589.6.W37
Item number G555 1991
082 00 - DEWEY DECIMAL CLASSIFICATION NUMBER
Classification number 241/.68/09015
Edition number 20
300 ## - PHYSICAL DESCRIPTION
Dimensions 22 cm.
100 1# - MAIN ENTRY--PERSONAL NAME
Personal name Gillman, John.
9 (RLIN) 796
245 10 - TITLE STATEMENT
Title Possessions and the life of faith :
Remainder of title a reading of Luke-Acts /
Statement of responsibility, etc John Gillman.
260 ## - PUBLICATION, DISTRIBUTION, ETC. (IMPRINT)
Place of publication, distribution, etc Collegeville, Minn. :
Name of publisher, distributor, etc Liturgical Press,
Date of publication, distribution, etc c1991.
300 ## - PHYSICAL DESCRIPTION
Extent 120 p. ;
440 #0 - SERIES STATEMENT/ADDED ENTRY--TITLE
Title Zacchaeus studies.
Name of part/section of a work New Testament
9 (RLIN) 797
500 ## - GENERAL NOTE
General note "A Michael Glazier book."
504 ## - BIBLIOGRAPHY, ETC. NOTE
Bibliography, etc Includes bibliographical references (p. 118-120).
630 00 - SUBJECT ADDED ENTRY--UNIFORM TITLE
Uniform title Bible.
Name of part/section of a work Luke
General subdivision Criticism, interpretation, etc.
9 (RLIN) 798
630 00 - SUBJECT ADDED ENTRY--UNIFORM TITLE
Uniform title Bible.
Name of part/section of a work Acts
General subdivision Criticism, interpretation, etc.
9 (RLIN) 799
650 #0 - SUBJECT ADDED ENTRY--TOPICAL TERM
Topical term or geographic name as entry element Wealth
General subdivision Biblical teaching.
9 (RLIN) 800
906 ## - LOCAL DATA ELEMENT F, LDF (RLIN)
a 7
b cbc
c orignew
d 1
e ocip
f 19
g y-gencatlg
942 ## - ADDED ENTRY ELEMENTS (KOHA)
Source of classification or shelving scheme Library of Congress Classification
Koha item type Monograph ( Printed materials)
Holdings
Withdrawn status Lost status Source of classification or shelving scheme Damaged status Not for loan Home library Current library Date acquired Total Checkouts Full call number Barcode Date last seen Price effective from Koha item type Collection code Shelving location Copy number
    Library of Congress Classification     ARRUPE LIBRARY ARRUPE LIBRARY 19/09/2013   BS2589.6.W37 G555 1991 46411329 19/09/2013 19/09/2013 Monograph ( Printed materials)      
    Library of Congress Classification     ARRUPE LIBRARY ARRUPE LIBRARY 26/02/2014   BS2589.6.W37 G555 1991 46500002246 01/08/2016 26/02/2014 Monograph ( Printed materials) Main Collection Main Collection 2

 

Arrupe Library. PO Box MP320 Mt Pleasant, Harare, Zimbabwe
263 242 745411|librarian@aju.ac.zw